Rainbow Six Siege Esports - Statistics

General Stats
  • This quiz has been taken 142 times
  • The average score is 17 of 41
Answer Stats
Hint Answer % Correct
LATAM Faze
83%
EU G2
82%
NA SSG
76%
LATAM Liquid
75%
LATAM Black Dragons
74%
NA DarkZero
71%
EU BDS
66%
NA TSM FTX
66%
LATAM NIP
56%
EU Empire
51%
LATAM W7M
51%
LATAM Furia
50%
NA Oxygen
49%
EU Secret
49%
APAC Fnatic
47%
NA Soniqs
46%
EU Virtus.PRO
46%
EU Vitality
46%
EU Rogue
43%
NA Beastcoast
42%
LATAM Team One
40%
NA Astralis
39%
APAC Cyclops
39%
EU NAVI
39%
LATAM MIBR
38%
APAC Elevate
35%
NA Mirage
33%
NA XSET
31%
APAC TALON
30%
APAC WILDCARD
29%
APAC Knights
25%
LATAM INTZ
21%
APAC T1
21%
EU Cowana
18%
LATAM Santos
17%
APAC CHIEFS
16%
APAC DWG KIA
16%
APAC FAV
16%
APAC GUTS
11%
APAC QC
6%
APAC Order
5%
No matching quizzes found
Score Distribution
Percent of People with Each Score
Percentile by Number Answered
Your Score History
You have not taken this quiz